Presidents of Poland since 1916 - with picture - Statistics

General Stats
  • This quiz has been taken 38 times
  • The average score is 17 of 37
Answer Stats
Picture Hint Answer % Correct
1918-1922
Provisional Chief of State
formerly Polish Socialist Party, no party
Józef Piłsudski
94%
2005-2010
President
Law and Justice
Lech Kaczyński
94%
1990-1995
President
Solidarność
Lech Wałęsa
94%
since 2015
President
Law and Justice
Andrzej Duda
90%
1985-1990
Chairman of the State Council, President
Polish United Workers‘ Party, no party
Wojciech Jaruzelski
90%
1995-2005
President
no party
Aleksander Kwaśniewski
87%
2010, 2010-2015
Sejm Marshal, President
Civic Platform
Bronisław Komorowski
84%
1922
President
no party, supported by PSL "Liberation"
Gabriel Narutowicz
84%
1944-1952
President of the State National Council, President, Chairman of the State Council
Polish Workers‘ Party, Polish United Workers‘ Party
Bolesław Bierut
81%
2010
Sejm Marshal
Civic Platform
Grzegorz Schetyna
71%
1926-1939
President
formerly PPS "Proletariat", Sanation Movement
Ignacy Mościcki
65%
1989-1990
President (Exile)
no party
Ryszard Kaczorowski
58%
1922-1926
President
PSL "Piast"
Stanisław Wojciechowski
58%
1970-1972
Chairman of the State Council
Polish United Workers‘ Party
Józef Cyrankiewicz
52%
1964-1968
Chairman of the State Council
Polish United Workers‘ Party
Edward Ochab
48%
1922, 1926
Sejm Marshal
PSL "Piast"
Maciej Rataj
42%
2010
Senate Marshal
Civic Platform
Bogdan Borusewicz
39%
1939-1947
President (Exile)
no party
Władysław Raczkiewicz
39%
1947-1954/1972
President (Exile)
no party
August Zaleski
35%
1968-1970
Chairman of the State Council
Polish United Workers‘ Party
Marian Spychalski
35%
1952-1964
Chairman of the State Council
Polish United Workers‘ Party
Aleksander Zawadzki
32%
1972-1985
Chairman of the State Council
Polish United Workers‘ Party
Henryk Jabłoński
32%
1917-1918
Member of the Regency Council
no party
Aleksander Kakowski
29%
1986-1989
President (Exile)
no party
Kazimierz Sabbat
29%
1956-1966
Member of the Rada Trzech
no party
Tadeusz Komorowski
29%
1954-1970
Member of the Rada Trzech
no party
Władysław Anders
29%
1939
President (Exile)
no party
Bolesław Wieniawa-Długoszowski
23%
1917-1918
Member of the Regency Council
no party, later BBWR
Zdzisław Lubomirski
23%
1917-1918
Member of the Regency Council
formerly Polish Club (Duma), Real Politics Party
Józef Ostrowski
19%
1972-1979
President (Exile)
no party
Stanisław Ostrowski
19%
1954-1972, 1979-1986
Member of the Rada Trzech, President (Exile)
no party
Edward Raczyński
16%
1954-1955
Member of the Rada Trzech
Polish Socialist Party (Exile)
Tomasz Arciszewski
16%
1969-1972
Member of the Rada Trzech
Polish Socialist Party (Exile)
Alfred Urbański
13%
1970-1972
Member of the Rada Trzech
no party
Stanisław Kopański
13%
1966-1968
Member of the Rada Trzech
no party
Roman Odzierzyński
10%
1968-1969
Member of the Rada Trzech
no party
Stanisław Mglej
10%
1916-1917
Crown Marshal
no party
Wacław Niemojowski
10%
No matching quizzes found
Score Distribution
Percent of People with Each Score
Percentile by Number Answered
Your Score History
You have not taken this quiz